000 00906 a2200229 4500
001 60344
005 20260407155854.0
008 260407a1989 arg spa d
003 AR-UNSa-BCEJYS
040 _aAR-UNSa-BCEJYS
_bspa
_cAR-UNSa-BCEJYS
080 _a334.73
_xCooperativas
245 1 0 _aContabilidad de cooperativas agrarias
_p(Adaptado al P.G.C.E.)
020 _a978-84-7114-224-5
264 1 _aMadrid :
_bEdiciones Mundi-Prensa
_c1989
300 _a107 p.
_c21 cm.
505 _a1. Justificación económico-jurídica de la necesidad de implantar un sistema contable en las empresas cooperativas - 2. La contabilidad como sistema de información – 3. La contabilidad en las cooperativas agrarias – 4. Balances tipo -
041 _aspa
942 _cBK
590 _aniveau_biblio:m niveau_hierar:0
100 1 _aAlonso Sebastián, Ramón
700 1 _aIruretagoyeba Osuna, María Teresa
999 _c6914
_d6914